| 000 | 00353nam a2200133Ia 4500 | ||
|---|---|---|---|
| 008 | 220204s9999 xx 000 0 und d | ||
| 082 |
_a576.32/.36 _bDUP.2 |
||
| 245 | 0 | _aAdvances in cell and molecular biology. V 2 | |
| 260 |
_aNew York _bAcademic _c1972 |
||
| 650 | _aCell biology | ||
| 650 | _aMolecular biology | ||
| 700 | _aDUPRAW, E J | ||
| 942 | _cBK | ||
| 999 |
_c34402 _d34402 |
||